| 000 | 00370cam a2200145ua 4500 | ||
|---|---|---|---|
| 041 |
_aeng _h |
||
| 082 |
_a823.308 _bAKS/CO |
||
| 100 | _aAksyonov, Vasily . | ||
| 245 |
_aColleagues / _cVasily Aksyonov. _hTextual Documents |
||
| 260 |
_aMoscow : _bForeign Language Publishing House , _c1959. |
||
| 300 | _a317 ; . | ||
| 504 | _a | ||
| 942 | _cBK | ||
| 999 |
_c11506 _d11506 |
||